000 00934 a2200253 4500
005 20180729123048.0
008 090512t xxu||||| |||| 00| 0 eng d
010 _aENG-89770 B-308151-155
020 _c270.00
_a8172764022
035 _aEN-73303
035 _aB-308151-155, b-308152
037 _bDBAD / PUB
040 _adpl
_bEnglish
082 _a215
100 _aDeshpande, Dhananjay
245 _aModern sciences in Vedas/
_cby Dhananjay Deshpande ; translated by G.N. Kamat
260 _aMumbai :
_bBharatiya Vidya Bhavan
_c2007
270 _aKulapati K.M. Munshi Marg,
_bMumbai
_cMumbai
_e400007
300 _axviii, 294p.:
_c22 cm. (pbk)
_bill.
490 _aBhavan's Book University
700 _aKamat, G.N.
942 _adpl
_cEN
_k215 / DES
_2ddc
_h215
_mDES
999 _c11345
_d11345